<?xml version="1.0" encoding="UTF-8"?>
<record
    xmlns:xsi="http://www.w3.org/2001/XMLSchema-instance"
    xsi:schemaLocation="http://www.loc.gov/MARC21/slim http://www.loc.gov/standards/marcxml/schema/MARC21slim.xsd"
    xmlns="http://www.loc.gov/MARC21/slim">

  <leader>01010nam a2200277 a 4500</leader>
  <controlfield tag="001">25737</controlfield>
  <controlfield tag="003">CO-ViMGA</controlfield>
  <controlfield tag="008">141112s2004    ck      r     000 u spa d</controlfield>
  <datafield tag="020" ind1=" " ind2=" ">
    <subfield code="a">9789588562940</subfield>
  </datafield>
  <datafield tag="040" ind1=" " ind2=" ">
    <subfield code="a">CO-ViMGA</subfield>
    <subfield code="b">spa</subfield>
    <subfield code="c">CO-ViMGA</subfield>
  </datafield>
  <datafield tag="041" ind1=" " ind2=" ">
    <subfield code="a">MUL</subfield>
  </datafield>
  <datafield tag="090" ind1=" " ind2=" ">
    <subfield code="a">C PES4</subfield>
  </datafield>
  <datafield tag="100" ind1="1" ind2=" ">
    <subfield code="a">Pessoa, Fernando, 1888 - 1935</subfield>
    <subfield code="9">39716</subfield>
  </datafield>
  <datafield tag="245" ind1="1" ind2="0">
    <subfield code="a">El banquero anarquista y una entrevista sensacional = O banqueiro anarchista e uma entrevista sensacional / </subfield>
    <subfield code="c">Fernando Pessoa ; edici&#xF3;n, traducci&#xF3;n y notas Nicol&#xE1;s Barbosa L&#xF3;pez</subfield>
  </datafield>
  <datafield tag="250" ind1=" " ind2=" ">
    <subfield code="a">1a ed.</subfield>
  </datafield>
  <datafield tag="260" ind1=" " ind2=" ">
    <subfield code="a">Bogot&#xE1; : </subfield>
    <subfield code="b">Tragaluz, </subfield>
    <subfield code="c">2013</subfield>
  </datafield>
  <datafield tag="300" ind1=" " ind2=" ">
    <subfield code="a">166 p. : il. byn.</subfield>
  </datafield>
  <datafield tag="490" ind1=" " ind2=" ">
    <subfield code="a">Lusitania</subfield>
  </datafield>
  <datafield tag="500" ind1=" " ind2=" ">
    <subfield code="a">Edici&#xF3;n biling&#xFC;e espa&#xF1;ol - portugu&#xE9;s.</subfield>
  </datafield>
  <datafield tag="650" ind1="1" ind2="4">
    <subfield code="a">AUTORES PORTUGUESES </subfield>
    <subfield code="9">39717</subfield>
  </datafield>
  <datafield tag="650" ind1="1" ind2="4">
    <subfield code="a">CUENTOS PORTUGUESES - SIGLO XX </subfield>
    <subfield code="9">39718</subfield>
  </datafield>
  <datafield tag="650" ind1="1" ind2="4">
    <subfield code="a">LITERATURA PORTUGUESA - SIGLO XX</subfield>
    <subfield code="9">39719</subfield>
  </datafield>
  <datafield tag="650" ind1="1" ind2="4">
    <subfield code="a">PESSOA, FERNANDO, 1888 - 1935 - CRITICA E INTERPRETACION </subfield>
    <subfield code="9">39720</subfield>
  </datafield>
  <datafield tag="700" ind1="1" ind2=" ">
    <subfield code="a">Barbosa L&#xF3;pez, Nicol&#xE1;s, 1988 - </subfield>
    <subfield code="9">802</subfield>
  </datafield>
  <datafield tag="942" ind1=" " ind2=" ">
    <subfield code="2">ddc</subfield>
    <subfield code="c">BK</subfield>
  </datafield>
  <datafield tag="999" ind1=" " ind2=" ">
    <subfield code="c">5304</subfield>
    <subfield code="d">5304</subfield>
  </datafield>
  <datafield tag="952" ind1=" " ind2=" ">
    <subfield code="0">0</subfield>
    <subfield code="1">0</subfield>
    <subfield code="2">ddc</subfield>
    <subfield code="4">0</subfield>
    <subfield code="7">0</subfield>
    <subfield code="8">GEN</subfield>
    <subfield code="a">MEGUAMAL</subfield>
    <subfield code="b">MEGUAMAL</subfield>
    <subfield code="c">LIT</subfield>
    <subfield code="d">2023-02-06</subfield>
    <subfield code="l">0</subfield>
    <subfield code="o">C PES4</subfield>
    <subfield code="p">GUA000643</subfield>
    <subfield code="r">2023-02-06 00:00:00</subfield>
    <subfield code="t">Ej.1</subfield>
    <subfield code="w">2023-02-06</subfield>
    <subfield code="y">BKLIT</subfield>
  </datafield>
  <datafield tag="952" ind1=" " ind2=" ">
    <subfield code="0">0</subfield>
    <subfield code="1">0</subfield>
    <subfield code="2">ddc</subfield>
    <subfield code="4">0</subfield>
    <subfield code="7">0</subfield>
    <subfield code="8">GEN</subfield>
    <subfield code="a">MEDORADO</subfield>
    <subfield code="b">MEDORADO</subfield>
    <subfield code="c">LIT</subfield>
    <subfield code="d">2023-02-23</subfield>
    <subfield code="l">0</subfield>
    <subfield code="o">CPES4 </subfield>
    <subfield code="p">DOR01908</subfield>
    <subfield code="r">2023-02-23 00:00:00</subfield>
    <subfield code="t">Ej.1</subfield>
    <subfield code="w">2023-02-23</subfield>
    <subfield code="y">BKLIT</subfield>
  </datafield>
  <datafield tag="952" ind1=" " ind2=" ">
    <subfield code="0">0</subfield>
    <subfield code="1">0</subfield>
    <subfield code="2">ddc</subfield>
    <subfield code="4">0</subfield>
    <subfield code="7">0</subfield>
    <subfield code="8">GEN</subfield>
    <subfield code="a">MESMARTI</subfield>
    <subfield code="b">MESMARTI</subfield>
    <subfield code="c">LIT</subfield>
    <subfield code="d">2023-04-11</subfield>
    <subfield code="o">C PES4</subfield>
    <subfield code="p">SM00195</subfield>
    <subfield code="r">2023-04-11 00:00:00</subfield>
    <subfield code="t">Ej.1</subfield>
    <subfield code="w">2023-04-11</subfield>
    <subfield code="y">BKLIT</subfield>
  </datafield>
  <datafield tag="952" ind1=" " ind2=" ">
    <subfield code="0">0</subfield>
    <subfield code="1">0</subfield>
    <subfield code="2">ddc</subfield>
    <subfield code="4">0</subfield>
    <subfield code="7">0</subfield>
    <subfield code="8">GEN</subfield>
    <subfield code="a">MEFTEORO</subfield>
    <subfield code="b">MEFTEORO</subfield>
    <subfield code="c">LIT</subfield>
    <subfield code="d">2023-07-13</subfield>
    <subfield code="l">0</subfield>
    <subfield code="o">C PES4</subfield>
    <subfield code="p">Fo00001232</subfield>
    <subfield code="r">2023-07-13 00:00:00</subfield>
    <subfield code="t">Ej.1</subfield>
    <subfield code="w">2023-07-13</subfield>
    <subfield code="y">BKLIT</subfield>
  </datafield>
  <datafield tag="952" ind1=" " ind2=" ">
    <subfield code="0">0</subfield>
    <subfield code="1">0</subfield>
    <subfield code="2">ddc</subfield>
    <subfield code="4">0</subfield>
    <subfield code="7">0</subfield>
    <subfield code="8">GEN</subfield>
    <subfield code="a">MECASTIL</subfield>
    <subfield code="b">MECASTIL</subfield>
    <subfield code="c">LIT</subfield>
    <subfield code="d">2023-07-18</subfield>
    <subfield code="l">0</subfield>
    <subfield code="o">C PES4 </subfield>
    <subfield code="p">EC02242</subfield>
    <subfield code="r">2023-07-18 20:49:35</subfield>
    <subfield code="t">Ej.1</subfield>
    <subfield code="w">2023-07-18</subfield>
    <subfield code="y">BKLIT</subfield>
  </datafield>
  <datafield tag="952" ind1=" " ind2=" ">
    <subfield code="0">0</subfield>
    <subfield code="1">0</subfield>
    <subfield code="2">ddc</subfield>
    <subfield code="4">0</subfield>
    <subfield code="7">0</subfield>
    <subfield code="8">GEN</subfield>
    <subfield code="a">MECUBARR</subfield>
    <subfield code="b">MECUBARR</subfield>
    <subfield code="c">LIT</subfield>
    <subfield code="d">2023-08-02</subfield>
    <subfield code="l">0</subfield>
    <subfield code="o">C PES4</subfield>
    <subfield code="p">CUB01754</subfield>
    <subfield code="r">2023-08-02 16:03:20</subfield>
    <subfield code="t">Ej.1</subfield>
    <subfield code="w">2023-08-02</subfield>
    <subfield code="y">BKLIT</subfield>
  </datafield>
  <datafield tag="952" ind1=" " ind2=" ">
    <subfield code="0">0</subfield>
    <subfield code="1">0</subfield>
    <subfield code="2">ddc</subfield>
    <subfield code="4">0</subfield>
    <subfield code="7">0</subfield>
    <subfield code="8">GEN</subfield>
    <subfield code="a">MESGUARO</subfield>
    <subfield code="b">MESGUARO</subfield>
    <subfield code="c">LIT</subfield>
    <subfield code="d">2023-09-13</subfield>
    <subfield code="l">0</subfield>
    <subfield code="o">C PES4</subfield>
    <subfield code="p">SG01151</subfield>
    <subfield code="r">2023-09-13 15:38:17</subfield>
    <subfield code="t">Ej.1</subfield>
    <subfield code="w">2023-09-13</subfield>
    <subfield code="y">BKLIT</subfield>
  </datafield>
  <datafield tag="952" ind1=" " ind2=" ">
    <subfield code="0">0</subfield>
    <subfield code="1">0</subfield>
    <subfield code="2">ddc</subfield>
    <subfield code="4">0</subfield>
    <subfield code="7">0</subfield>
    <subfield code="8">GEN</subfield>
    <subfield code="a">MECABUYA</subfield>
    <subfield code="b">MECABUYA</subfield>
    <subfield code="c">LIT</subfield>
    <subfield code="d">2023-09-15</subfield>
    <subfield code="l">0</subfield>
    <subfield code="o">C PES4</subfield>
    <subfield code="p">CAB000619</subfield>
    <subfield code="r">2023-09-15 19:57:08</subfield>
    <subfield code="t">Ej.1</subfield>
    <subfield code="w">2023-09-15</subfield>
    <subfield code="y">BKLIT</subfield>
  </datafield>
  <datafield tag="952" ind1=" " ind2=" ">
    <subfield code="0">0</subfield>
    <subfield code="1">0</subfield>
    <subfield code="2">ddc</subfield>
    <subfield code="4">0</subfield>
    <subfield code="7">0</subfield>
    <subfield code="8">001</subfield>
    <subfield code="a">MEVIGACOM</subfield>
    <subfield code="b">MEVIGACOM</subfield>
    <subfield code="d">2015-12-04</subfield>
    <subfield code="h">29/ago/2014</subfield>
    <subfield code="l">0</subfield>
    <subfield code="o">C PES4</subfield>
    <subfield code="p">27033</subfield>
    <subfield code="r">2015-12-04 00:00:00</subfield>
    <subfield code="t">Ej. 2</subfield>
    <subfield code="w">2015-12-04</subfield>
    <subfield code="y">BK</subfield>
  </datafield>
  <datafield tag="952" ind1=" " ind2=" ">
    <subfield code="0">0</subfield>
    <subfield code="1">0</subfield>
    <subfield code="2">ddc</subfield>
    <subfield code="4">0</subfield>
    <subfield code="7">0</subfield>
    <subfield code="8">003</subfield>
    <subfield code="a">MEVIECAR</subfield>
    <subfield code="b">MEVIECAR</subfield>
    <subfield code="d">2015-12-04</subfield>
    <subfield code="h">10/jul/2014</subfield>
    <subfield code="l">0</subfield>
    <subfield code="o">C PES4</subfield>
    <subfield code="p">010605</subfield>
    <subfield code="r">2015-12-04 00:00:00</subfield>
    <subfield code="t">Ej. 1</subfield>
    <subfield code="w">2015-12-04</subfield>
    <subfield code="y">BK</subfield>
  </datafield>
  <datafield tag="952" ind1=" " ind2=" ">
    <subfield code="0">0</subfield>
    <subfield code="1">0</subfield>
    <subfield code="2">ddc</subfield>
    <subfield code="4">0</subfield>
    <subfield code="7">0</subfield>
    <subfield code="8">GEN</subfield>
    <subfield code="a">MEBAUPIA</subfield>
    <subfield code="b">MEBAUPIA</subfield>
    <subfield code="c">LIT</subfield>
    <subfield code="d">2023-09-25</subfield>
    <subfield code="l">0</subfield>
    <subfield code="o">C PES4</subfield>
    <subfield code="p">BUP00685</subfield>
    <subfield code="r">2023-09-25 13:25:42</subfield>
    <subfield code="t">Ej.1</subfield>
    <subfield code="w">2023-09-25</subfield>
    <subfield code="y">BK</subfield>
  </datafield>
  <datafield tag="952" ind1=" " ind2=" ">
    <subfield code="0">0</subfield>
    <subfield code="1">0</subfield>
    <subfield code="2">ddc</subfield>
    <subfield code="4">0</subfield>
    <subfield code="7">0</subfield>
    <subfield code="8">001</subfield>
    <subfield code="a">MEMAPIRI</subfield>
    <subfield code="b">MEMAPIRI</subfield>
    <subfield code="c">LIT</subfield>
    <subfield code="d">2024-01-19</subfield>
    <subfield code="l">0</subfield>
    <subfield code="o">C PES4</subfield>
    <subfield code="p">MAP00002420</subfield>
    <subfield code="r">2024-01-19 16:47:48</subfield>
    <subfield code="t">Ej.1</subfield>
    <subfield code="w">2024-01-19</subfield>
    <subfield code="y">BK</subfield>
  </datafield>
  <datafield tag="952" ind1=" " ind2=" ">
    <subfield code="0">0</subfield>
    <subfield code="1">0</subfield>
    <subfield code="2">ddc</subfield>
    <subfield code="4">0</subfield>
    <subfield code="7">0</subfield>
    <subfield code="8">GEN</subfield>
    <subfield code="a">MEMACARE</subfield>
    <subfield code="b">MEMACARE</subfield>
    <subfield code="c">LIT</subfield>
    <subfield code="d">2024-03-14</subfield>
    <subfield code="l">0</subfield>
    <subfield code="o">C  PES4</subfield>
    <subfield code="p">LM00971</subfield>
    <subfield code="r">2024-03-14 22:04:12</subfield>
    <subfield code="t">Ej.1</subfield>
    <subfield code="w">2024-03-14</subfield>
    <subfield code="y">BK</subfield>
  </datafield>
  <datafield tag="952" ind1=" " ind2=" ">
    <subfield code="0">0</subfield>
    <subfield code="1">0</subfield>
    <subfield code="2">ddc</subfield>
    <subfield code="4">0</subfield>
    <subfield code="7">0</subfield>
    <subfield code="8">GEN</subfield>
    <subfield code="a">MECUMARA</subfield>
    <subfield code="b">MECUMARA</subfield>
    <subfield code="c">LIT</subfield>
    <subfield code="d">2024-07-09</subfield>
    <subfield code="l">0</subfield>
    <subfield code="o">CPES4</subfield>
    <subfield code="p">CUM00831</subfield>
    <subfield code="r">2024-07-09 14:57:32</subfield>
    <subfield code="t">Ej.1</subfield>
    <subfield code="w">2024-07-09</subfield>
    <subfield code="y">BK</subfield>
  </datafield>
  <datafield tag="952" ind1=" " ind2=" ">
    <subfield code="0">0</subfield>
    <subfield code="1">0</subfield>
    <subfield code="4">0</subfield>
    <subfield code="7">0</subfield>
    <subfield code="8">001</subfield>
    <subfield code="a">MEVIGERR</subfield>
    <subfield code="b">MEVIGERR</subfield>
    <subfield code="c">GEN</subfield>
    <subfield code="d">2014-12-11</subfield>
    <subfield code="o">P PES4</subfield>
    <subfield code="p">ECA23316</subfield>
    <subfield code="r">2024-11-26 08:56:09</subfield>
    <subfield code="t">Ej.1</subfield>
    <subfield code="w">2024-11-26</subfield>
    <subfield code="y">BK</subfield>
    <subfield code="z">17480 | 22418</subfield>
  </datafield>
  <datafield tag="952" ind1=" " ind2=" ">
    <subfield code="0">0</subfield>
    <subfield code="1">0</subfield>
    <subfield code="2">ddc</subfield>
    <subfield code="4">0</subfield>
    <subfield code="7">0</subfield>
    <subfield code="a">MEMESETA</subfield>
    <subfield code="b">MEMESETA</subfield>
    <subfield code="c">LIT</subfield>
    <subfield code="d">2024-12-13</subfield>
    <subfield code="l">0</subfield>
    <subfield code="o">C PES4</subfield>
    <subfield code="p">MEE001006</subfield>
    <subfield code="r">2024-12-13 09:59:23</subfield>
    <subfield code="t">Ej.1</subfield>
    <subfield code="w">2024-12-13</subfield>
    <subfield code="y">BK</subfield>
  </datafield>
  <datafield tag="952" ind1=" " ind2=" ">
    <subfield code="0">0</subfield>
    <subfield code="1">0</subfield>
    <subfield code="2">ddc</subfield>
    <subfield code="4">0</subfield>
    <subfield code="7">0</subfield>
    <subfield code="8">GEN</subfield>
    <subfield code="a">MEURIBE</subfield>
    <subfield code="b">MEURIBE</subfield>
    <subfield code="c">LIT</subfield>
    <subfield code="d">2024-12-30</subfield>
    <subfield code="l">0</subfield>
    <subfield code="o">C PES4</subfield>
    <subfield code="p">URI02102</subfield>
    <subfield code="r">2024-12-30 16:04:50</subfield>
    <subfield code="t">Ej.1</subfield>
    <subfield code="w">2024-12-30</subfield>
    <subfield code="y">BKLIT</subfield>
  </datafield>
  <datafield tag="952" ind1=" " ind2=" ">
    <subfield code="0">0</subfield>
    <subfield code="1">0</subfield>
    <subfield code="2">ddc</subfield>
    <subfield code="4">0</subfield>
    <subfield code="7">0</subfield>
    <subfield code="8">GEN</subfield>
    <subfield code="a">MEPLLERAS</subfield>
    <subfield code="b">MEPLLERAS</subfield>
    <subfield code="c">LIT</subfield>
    <subfield code="d">2024-01-24</subfield>
    <subfield code="l">0</subfield>
    <subfield code="o">C PES4</subfield>
    <subfield code="p">PLL01879</subfield>
    <subfield code="r">2024-01-24 16:34:38</subfield>
    <subfield code="t">Ej.1</subfield>
    <subfield code="w">2024-01-24</subfield>
    <subfield code="y">BKLIT</subfield>
  </datafield>
  <datafield tag="952" ind1=" " ind2=" ">
    <subfield code="0">0</subfield>
    <subfield code="1">0</subfield>
    <subfield code="2">ddc</subfield>
    <subfield code="4">0</subfield>
    <subfield code="7">0</subfield>
    <subfield code="a">MEVHERMO</subfield>
    <subfield code="b">MEVHERMO</subfield>
    <subfield code="d">2025-05-06</subfield>
    <subfield code="k">C PES4</subfield>
    <subfield code="l">0</subfield>
    <subfield code="o">C PES4</subfield>
    <subfield code="p">VIST   0001867</subfield>
    <subfield code="r">2025-05-06 16:07:56</subfield>
    <subfield code="t">Ej.1</subfield>
    <subfield code="w">2025-05-06</subfield>
    <subfield code="y">BK</subfield>
  </datafield>
  <datafield tag="952" ind1=" " ind2=" ">
    <subfield code="0">0</subfield>
    <subfield code="1">0</subfield>
    <subfield code="2">ddc</subfield>
    <subfield code="4">0</subfield>
    <subfield code="7">0</subfield>
    <subfield code="8">GEN</subfield>
    <subfield code="a">MESJUANI</subfield>
    <subfield code="b">MESJUANI</subfield>
    <subfield code="c">LIT</subfield>
    <subfield code="d">2025-07-07</subfield>
    <subfield code="l">0</subfield>
    <subfield code="o">C PES4</subfield>
    <subfield code="p">SJU01968</subfield>
    <subfield code="r">2025-07-07 16:10:23</subfield>
    <subfield code="t">Ej.1</subfield>
    <subfield code="w">2025-07-07</subfield>
    <subfield code="y">BK</subfield>
  </datafield>
  <datafield tag="952" ind1=" " ind2=" ">
    <subfield code="0">0</subfield>
    <subfield code="1">0</subfield>
    <subfield code="2">ddc</subfield>
    <subfield code="4">0</subfield>
    <subfield code="7">0</subfield>
    <subfield code="8">GEN</subfield>
    <subfield code="a">MEPLOPEZ</subfield>
    <subfield code="b">MEPLOPEZ</subfield>
    <subfield code="c">GEN</subfield>
    <subfield code="d">2025-10-24</subfield>
    <subfield code="l">0</subfield>
    <subfield code="o">C PES4</subfield>
    <subfield code="p">PLZ03752</subfield>
    <subfield code="r">2025-10-24 16:47:50</subfield>
    <subfield code="t">Ej.1</subfield>
    <subfield code="w">2025-10-24</subfield>
    <subfield code="y">BKLIT</subfield>
  </datafield>
</record>
